00606nam a2200181 i 450000100060000000300090000600500170001500700030003200800410003510000330007624500930010926000420020230000220024449000510026670000240031783000510034185200320039241379ES-MaACL20231221145740.0t|030310s1982 sp ||||1| spa d1 aCastelar, Emilio,d1832-189910aCrónica internacional / cEmilio Castelar ; edición preparada por Dámaso de Lario. aMadrid : bEditora Nacional, c[1982] a476 p. ; c21 cm.1 aClásicos para una biblioteca contemporánea1 aLario, Dámaso de.0 aClásicos para una biblioteca contemporánea aES-MaACLjL-3909 bR.104460